| 000 | 00000nam##2200000za#4500 |
| 001 | 9.569926 |
| 003 | CaOODSP |
| 005 | 20210624182011 |
| 007 | cr ||||||||||| |
| 008 | 150406|1998||||xxc|||||o f|0| 0 eng|d |
| 040 | |aCaOODSP|beng |
| 043 | |an-cn--- |
| 086 | 1 |aNH18-1-2/102-1998E-PDF |
| 110 | 2 |aCanada Mortgage and Housing Corporation. |
| 245 | 13|aAn examination of the supportive housing needs of the seriously mentally ill in the Manitoulin-Sudbury districts / |h[electronic resource]|cby Genevieve Gibbons and David Paquette. |
| 260 | |aOttawa - Ontario : |bCanada Mortgage and Housing Corporation |cNovember 1998. |
| 300 | |a75p.|bfig., graphs, map, references, tables |
| 490 | 1 |aResearch report |
| 546 | |a(Sommaire en français.) |
| 590 | |a11-25-Supp|b2011-10-31 |
| 720 | 1 |aGibbons, Genevieve |
| 720 | 1 |aPaquette, David |
| 830 | #0|aResearch report (Canada Mortgage and Housing Corporation : Online)|w(CaOODSP)9.506068 |
| 856 | 40|ahttp://publications.gc.ca|qPDF|s3.54 MB|uhttps://publications.gc.ca/collections/collection_2011/schl-cmhc/nh18-1-2/NH18-1-2-102-1998-eng.pdf |